000 00809nam a22002537a 4500
005 20170123162340.0
010 _a394120
020 _c3.50
035 _a394120
037 _bCen Lib/Ret
040 _aDPL
_bUR
082 _a900
_b م ح م
100 _aمحمّد محبوب
_9126767
245 _aدنیا کی کہانی /
_cمحمّد محبوب
246 _aDunia ki kahani /
_bby Mohammad Mahboob
260 _aنیی دہلی
_bمکتبہ جامہ لمیٹڈ
_c1965
270 _bنیی دہلی
_aجامہ نگر
_e110025
300 _a203p.
_c17cm(Hb)
650 _a تاریخ - دنیا
_9509
650 _aتاریخی کہانیاں
_9111697
650 _aHistory -- World
_941477
650 _aHistoric stories
_9126768
942 _2ddc
_cUR
_h900
_m م ح م
999 _c108463
_d108463